Blue Lock Nagi quiz😭 - Statistics

General Stats
  • This quiz has been taken 897 times
  • The average score is 3 of 9
Answer Stats
Hint Answer % Correct
What color is his hair White
98%
Rank in third selection 6
39%
What is his nickname Lazy genius
33%
How tall is he 190cm / 6,3
28%
Team in NEL Manshine
22%
Rank in second selection 7
21%
Best friend hair color Purple
20%
Master in NEL Chris Prince
19%
Who is his idol from England Bergkamp
11%
No matching quizzes found
Score Distribution
Percent of People with Each Score
Percentile by Number Answered
Your Score History
You have not taken this quiz